000
00257nam a2200109Ia 4500
008
220204s9999 xx 000 0 und d
082
_a
82-3
_b
KEN
100
_a
Kent, Pamela
245
0
_a
Bladon's rock
260
_a
London
_b
Mills and boon
_c
1963
942
_c
BK
999
_c
33166
_d
33166